[Event "Deutsche Ländermeisterschaft 2023"]
[Site "Hannover GER"]
[Date "2023.10.05"]
[Round "7"]
[White "Junge, Mattheo Gabriel"]
[Black "Mester, Philipp"]
[Result "0-1"]
[Termination "normal"]
[Board "4.6"]
[WhiteElo "1604"]
[BlackElo "1787"]
[WhiteClock "00:01:50"]
[BlackClock "00:39:39"]
[WhiteTeam "Thüringen"]
[BlackTeam "Hessen"]
[PlyCount "86"]
[WhiteFideId "34605908"]
[BlackFideId "34624902"]
[EventCountry "GER"]
[EventRounds "7"]
[EventType "team-swiss"]
[EventDate "2023.09.30"]

1. e4 {[%clk 01:30:56]} {[%emt 00:00:04]} e5 {[%clk 01:30:57]} {[%emt
00:00:04]} 2. Nf3 {[%clk 01:31:19]} {[%emt 00:00:06]} Nc6 {[%clk 01:31:23]}
{[%emt 00:00:04]} 3. Bb5 {[%clk 01:31:45]} {[%emt 00:00:04]} Nf6 {[%clk
01:31:43]} {[%emt 00:00:10]} 4. d3 {[%clk 01:32:00]} {[%emt 00:00:14]} Bc5
{[%clk 01:32:06]} {[%emt 00:00:07]} 5. Bxc6 {[%clk 01:32:19]} {[%emt 00:00:11]}
dxc6 {[%clk 01:32:28]} {[%emt 00:00:09]} 6. O-O {[%clk 01:32:30]} {[%emt
00:00:18]} Nd7 {[%clk 01:32:55]} {[%emt 00:00:03]} 7. c3 {[%clk 01:32:52]}
{[%emt 00:00:08]} O-O {[%clk 01:33:09]} {[%emt 00:00:16]} 8. Bg5 {[%clk
01:33:03]} {[%emt 00:00:19]} f6 {[%clk 01:33:29]} {[%emt 00:00:10]} 9. Bh4
{[%clk 01:33:25]} {[%emt 00:00:07]} Re8 {[%clk 01:32:07]} {[%emt 00:01:52]} 10.
Nbd2 {[%clk 01:31:43]} {[%emt 00:02:11]} Bf8 {[%clk 01:27:50]} {[%emt
00:04:48]} 11. b4 {[%clk 01:22:33]} {[%emt 00:09:39]} a5 {[%clk 01:24:42]}
{[%emt 00:03:39]} 12. a3 {[%clk 01:12:39]} {[%emt 00:10:24]} b6 {[%clk
01:16:37]} {[%emt 00:08:35]} 13. bxa5 {[%clk 01:02:55]} {[%emt 00:10:14]} Rxa5
{[%clk 01:15:51]} {[%emt 00:01:16]} 14. Re1 {[%clk 00:55:11]} {[%emt 00:08:12]}
c5 {[%clk 01:07:07]} {[%emt 00:09:15]} 15. Nc4 {[%clk 00:53:29]} {[%emt
00:02:12]} Ra8 {[%clk 01:06:26]} {[%emt 00:01:12]} 16. d4 {[%clk 00:51:11]}
{[%emt 00:02:47]} cxd4 {[%clk 01:06:29]} {[%emt 00:00:27]} 17. cxd4 {[%clk
00:51:19]} {[%emt 00:00:21]} exd4 {[%clk 01:02:44]} {[%emt 00:04:15]} 18. Nxd4
{[%clk 00:47:39]} {[%emt 00:04:09]} Ne5 {[%clk 00:49:11]} {[%emt 00:14:04]} 19.
Nxe5 {[%clk 00:46:40]} {[%emt 00:01:29]} Rxe5 {[%clk 00:47:56]} {[%emt
00:01:45]} 20. Qb3+ {[%clk 00:46:24]} {[%emt 00:00:45]} Kh8 {[%clk 00:47:59]}
{[%emt 00:00:28]} 21. Nc6 {[%clk 00:46:27]} {[%emt 00:00:26]} Qe8 {[%clk
00:46:39]} {[%emt 00:01:50]} 22. Nxe5 {[%clk 00:46:38]} {[%emt 00:00:19]} fxe5
{[%clk 00:46:58]} {[%emt 00:00:11]} 23. Qf3 {[%clk 00:42:24]} {[%emt 00:04:41]}
Bc5 {[%clk 00:46:31]} {[%emt 00:00:58]} 24. Red1 {[%clk 00:41:52]} {[%emt
00:01:02]} Bd4 {[%clk 00:46:16]} {[%emt 00:00:45]} 25. Rac1 {[%clk 00:33:34]}
{[%emt 00:08:49]} c5 {[%clk 00:46:02]} {[%emt 00:00:45]} 26. Rb1 {[%clk
00:30:05]} {[%emt 00:03:59]} b5 {[%clk 00:45:03]} {[%emt 00:01:30]} 27. Bg5
{[%clk 00:28:43]} {[%emt 00:01:51]} Be6 {[%clk 00:44:19]} {[%emt 00:01:14]} 28.
Rxd4 {[%clk 00:09:38]} {[%emt 00:19:35]} exd4 {[%clk 00:43:10]} {[%emt
00:01:39]} 29. Rd1 {[%clk 00:06:17]} {[%emt 00:03:50]} Qd7 {[%clk 00:40:34]}
{[%emt 00:03:02]} 30. e5 {[%clk 00:03:58]} {[%emt 00:02:55]} Rc8 {[%clk
00:40:17]} {[%emt 00:00:46]} 31. Qe4 {[%clk 00:00:59]} {[%emt 00:03:29]} Bf5
{[%clk 00:40:34]} {[%emt 00:00:14]} 32. Qf4 {[%clk 00:00:45]} {[%emt 00:00:43]}
d3 {[%clk 00:40:06]} {[%emt 00:00:59]} 33. f3 {[%clk 00:00:40]} {[%emt
00:00:35]} c4 {[%clk 00:40:30]} {[%emt 00:00:07]} 34. g4 {[%clk 00:00:59]}
{[%emt 00:00:11]} Bg6 {[%clk 00:40:25]} {[%emt 00:00:34]} 35. Qe3 {[%clk
00:00:43]} {[%emt 00:00:46]} c3 {[%clk 00:39:56]} {[%emt 00:00:59]} 36. e6
{[%clk 00:00:59]} {[%emt 00:00:15]} Qd5 {[%clk 00:39:51]} {[%emt 00:00:34]} 37.
e7 {[%clk 00:00:50]} {[%emt 00:00:40]} d2 {[%clk 00:39:57]} {[%emt 00:00:24]}
38. e8=Q+ {[%clk 00:00:32]} {[%emt 00:00:50]} Bxe8 {[%clk 00:39:28]} {[%emt
00:00:59]} 39. Qe7 {[%clk 00:00:35]} {[%emt 00:00:27]} c2 {[%clk 00:39:20]}
{[%emt 00:00:37]} 40. Rxd2 {[%clk 00:00:58]} {[%emt 00:00:07]} c1=Q+ {[%clk
00:39:26]} {[%emt 00:00:22]} 41. Kg2 {[%clk 00:01:22]} {[%emt 00:00:05]} Qcxd2+
{[%clk 00:39:32]} {[%emt 00:00:26]} 42. Bxd2 {[%clk 00:01:45]} {[%emt
00:00:07]} Qxd2+ {[%clk 00:39:25]} {[%emt 00:00:37]} 43. Kg3 {[%clk 00:01:50]}
{[%emt 00:00:24]} Bc6 {[%clk 00:39:39]} {[%emt 00:00:15]} 0-1

[Event "Deutsche Ländermeisterschaft 2023"]
[Site "Hannover GER"]
[Date "2023.10.05"]
[Round "7"]
[White "Bezsonna, Polina"]
[Black "Loos, Tilda"]
[Result "1/2-1/2"]
[Termination "normal"]
[Board "4.7"]
[WhiteElo "1783"]
[BlackElo "1423"]
[WhiteClock "00:33:25"]
[BlackClock "00:35:00"]
[WhiteTeam "Hessen"]
[BlackTeam "Thüringen"]
[PlyCount "48"]
[WhiteFideId "14191156"]
[BlackFideId "34620559"]
[EventCountry "GER"]
[EventRounds "7"]
[EventType "team-swiss"]
[EventDate "2023.09.30"]

1. e4 {[%clk 01:30:57]} {[%emt 00:00:02]} c5 {[%clk 01:30:53]} {[%emt
00:00:07]} 2. Nf3 {[%clk 01:31:17]} {[%emt 00:00:11]} e6 {[%clk 01:31:14]}
{[%emt 00:00:09]} 3. b3 {[%clk 01:31:28]} {[%emt 00:00:19]} a6 {[%clk
01:30:49]} {[%emt 00:00:55]} 4. Bb2 {[%clk 01:31:04]} {[%emt 00:00:54]} b5
{[%clk 01:28:25]} {[%emt 00:02:54]} 5. a4 {[%clk 01:28:38]} {[%emt 00:02:56]}
b4 {[%clk 01:26:03]} {[%emt 00:02:52]} 6. g3 {[%clk 01:23:27]} {[%emt
00:05:42]} Bb7 {[%clk 01:25:46]} {[%emt 00:00:47]} 7. d3 {[%clk 01:23:25]}
{[%emt 00:00:32]} Nf6 {[%clk 01:24:30]} {[%emt 00:01:46]} 8. Bg2 {[%clk
01:21:00]} {[%emt 00:02:56]} Nc6 {[%clk 01:23:08]} {[%emt 00:01:51]} 9. e5
{[%clk 01:15:54]} {[%emt 00:05:36]} Nd5 {[%clk 01:21:10]} {[%emt 00:02:28]} 10.
Nbd2 {[%clk 01:15:56]} {[%emt 00:00:29]} Be7 {[%clk 01:13:43]} {[%emt
00:07:56]} 11. O-O {[%clk 01:11:24]} {[%emt 00:05:02]} O-O {[%clk 01:13:18]}
{[%emt 00:00:54]} 12. Nc4 {[%clk 01:08:19]} {[%emt 00:03:36]} d6 {[%clk
01:08:28]} {[%emt 00:05:20]} 13. exd6 {[%clk 01:06:36]} {[%emt 00:02:14]} Bxd6
{[%clk 01:08:52]} {[%emt 00:00:06]} 14. Nfd2 {[%clk 01:01:53]} {[%emt
00:05:13]} Be7 {[%clk 00:55:54]} {[%emt 00:13:27]} 15. Re1 {[%clk 00:56:27]}
{[%emt 00:05:57]} Bf6 {[%clk 00:55:20]} {[%emt 00:01:04]} 16. Bxf6 {[%clk
00:51:48]} {[%emt 00:05:10]} Nxf6 {[%clk 00:55:28]} {[%emt 00:00:22]} 17. Ne4
{[%clk 00:49:52]} {[%emt 00:02:26]} Nxe4 {[%clk 00:54:14]} {[%emt 00:01:44]}
18. Bxe4 {[%clk 00:50:03]} {[%emt 00:00:19]} Na5 {[%clk 00:44:17]} {[%emt
00:10:26]} 19. Bxb7 {[%clk 00:48:20]} {[%emt 00:02:14]} Nxb7 {[%clk 00:44:04]}
{[%emt 00:00:43]} 20. Qf3 {[%clk 00:41:35]} {[%emt 00:07:15]} Nd6 {[%clk
00:39:42]} {[%emt 00:04:51]} 21. Nxd6 {[%clk 00:40:10]} {[%emt 00:01:56]} Qxd6
{[%clk 00:40:10]} {[%emt 00:00:01]} 22. Re4 {[%clk 00:35:53]} {[%emt 00:04:47]}
Qd5 {[%clk 00:38:19]} {[%emt 00:02:21]} 23. Qe3 {[%clk 00:35:52]} {[%emt
00:00:31]} Rac8 {[%clk 00:37:01]} {[%emt 00:01:47]} 24. Re1 {[%clk 00:33:25]}
{[%emt 00:02:58]} Rfd8 {[%clk 00:35:00]} {[%emt 00:02:30]} 1/2-1/2

[Event "Deutsche Ländermeisterschaft 2023"]
[Site "Hannover GER"]
[Date "2023.10.05"]
[Round "7"]
[White "Albrecht, Sidney Jenna"]
[Black "Wolf, Helena"]
[Result "0-1"]
[Termination "normal"]
[Board "4.8"]
[WhiteElo "1030"]
[BlackElo "1155"]
[WhiteClock "00:13:27"]
[BlackClock "00:09:45"]
[WhiteTeam "Thüringen"]
[BlackTeam "Hessen"]
[PlyCount "100"]
[WhiteFideId "34660283"]
[BlackFideId "34671030"]
[EventCountry "GER"]
[EventRounds "7"]
[EventType "team-swiss"]
[EventDate "2023.09.30"]

1. c4 {[%clk 01:30:57]} {[%emt 00:00:01]} e5 {[%clk 01:30:54]} {[%emt
00:00:06]} 2. Nc3 {[%clk 01:31:21]} {[%emt 00:00:06]} Nc6 {[%clk 01:31:17]}
{[%emt 00:00:07]} 3. g3 {[%clk 01:31:39]} {[%emt 00:00:12]} Bc5 {[%clk
01:31:38]} {[%emt 00:00:09]} 4. Bg2 {[%clk 01:31:52]} {[%emt 00:00:17]} a6
{[%clk 01:31:47]} {[%emt 00:00:22]} 5. e3 {[%clk 01:32:00]} {[%emt 00:00:21]}
Ba7 {[%clk 01:31:58]} {[%emt 00:00:20]} 6. Nge2 {[%clk 01:32:15]} d6 {[%clk
01:32:13]} {[%emt 00:00:29]} 7. O-O {[%clk 01:32:25]} h5 {[%clk 01:32:35]}
{[%emt 00:00:28]} 8. d4 {[%emt 00:03:06]} h4 9. dxe5 {[%clk 01:29:12]} {[%emt
00:01:23]} Nxe5 {[%clk 01:33:09]} {[%emt 00:00:11]} 10. b3 {[%clk 01:27:01]}
{[%emt 00:02:41]} hxg3 {[%clk 01:33:07]} {[%emt 00:00:31]} 11. fxg3 {[%clk
01:26:36]} {[%emt 00:00:56]} Ng4 {[%clk 01:17:59]} {[%emt 00:15:36]} 12. h4
{[%clk 01:11:25]} {[%emt 00:15:42]} g5 {[%clk 01:17:54]} {[%emt 00:00:35]} 13.
Qd5 {[%clk 01:09:21]} {[%emt 00:02:35]} Qe7 {[%clk 01:00:01]} {[%emt 00:18:22]}
14. Nd1 {[%clk 01:05:36]} {[%emt 00:04:14]} gxh4 {[%clk 00:50:01]} {[%emt
00:10:30]} 15. gxh4 {[%clk 00:55:35]} {[%emt 00:10:32]} Rxh4 {[%clk 00:42:58]}
{[%emt 00:07:32]} 16. Qf3 {[%clk 00:53:41]} {[%emt 00:02:24]} Nh2 {[%clk
00:39:41]} {[%emt 00:03:47]} 17. Qg3 {[%clk 00:53:24]} {[%emt 00:00:45]} Nh6
{[%clk 00:32:27]} {[%emt 00:07:44]} 18. Rf4 {[%clk 00:49:51]} {[%emt 00:04:04]}
Rxf4 {[%clk 00:32:05]} {[%emt 00:00:52]} 19. Qxf4 {[%clk 00:49:13]} {[%emt
00:01:08]} N6g4 {[%clk 00:31:11]} {[%emt 00:01:24]} 20. Bd2 {[%clk 00:44:59]}
{[%emt 00:04:43]} Qe5 {[%clk 00:27:50]} {[%emt 00:03:51]} 21. Qxe5+ {[%clk
00:44:46]} {[%emt 00:00:43]} dxe5 {[%clk 00:28:10]} {[%emt 00:00:11]} 22. b4
{[%clk 00:42:44]} {[%emt 00:02:32]} Rb8 {[%clk 00:26:07]} {[%emt 00:02:32]} 23.
c5 {[%clk 00:42:01]} {[%emt 00:01:13]} b6 {[%emt 00:02:32]} 24. Rc1 {[%clk
00:41:58]} {[%emt 00:00:06]} bxc5 {[%clk 00:23:21]} {[%emt 00:01:42]} 25. bxc5
{[%clk 00:41:44]} {[%emt 00:00:44]} Rb5 {[%clk 00:22:44]} {[%emt 00:01:07]} 26.
Bc6+ {[%clk 00:41:30]} {[%emt 00:00:44]} Bd7 {[%clk 00:22:42]} {[%emt
00:00:32]} 27. Bxb5 {[%clk 00:41:47]} {[%emt 00:00:13]} Bxb5 {[%clk 00:23:05]}
{[%emt 00:00:06]} 28. Nf2 {[%emt 00:06:29]} Bxe2 {[%clk 00:22:24]} 29. Nxg4
{[%clk 00:36:59]} {[%emt 00:00:30]} Nxg4 {[%clk 00:22:29]} {[%emt 00:00:24]}
30. Kg2 {[%clk 00:35:05]} f5 {[%clk 00:21:24]} {[%emt 00:03:59]} 31. Kg3 {[%clk
00:33:28]} {[%emt 00:02:07]} Kd7 {[%clk 00:20:20]} {[%emt 00:01:34]} 32. Re1
{[%clk 00:31:12]} {[%emt 00:02:45]} Bd3 {[%clk 00:19:14]} {[%emt 00:01:36]} 33.
Rc1 {[%clk 00:29:37]} {[%emt 00:02:05]} Ke6 {[%clk 00:18:42]} {[%emt 00:01:02]}
34. Rc3 {[%clk 00:26:10]} {[%emt 00:03:57]} Be2 {[%clk 00:18:37]} {[%emt
00:00:33]} 35. Rc1 {[%clk 00:25:34]} {[%emt 00:01:08]} Kd5 {[%clk 00:16:12]}
{[%emt 00:02:55]} 36. Bb4 {[%clk 00:25:01]} {[%emt 00:01:03]} c6 {[%clk
00:13:26]} {[%emt 00:03:15]} 37. Rc3 {[%clk 00:23:43]} {[%emt 00:01:50]} Bb8
{[%clk 00:12:02]} {[%emt 00:01:53]} 38. Kh4 {[%clk 00:21:18]} {[%emt 00:02:55]}
f4 {[%clk 00:10:51]} {[%emt 00:01:42]} 39. Rc2 {[%clk 00:19:29]} {[%emt
00:02:18]} f3 {[%clk 00:10:08]} {[%emt 00:01:14]} 40. Kxg4 {[%clk 00:18:15]}
{[%emt 00:01:44]} f2+ {[%clk 00:10:14]} {[%emt 00:00:23]} 41. Rxe2 {[%clk
00:17:57]} {[%emt 00:00:49]} f1=Q {[%clk 00:10:16]} {[%emt 00:00:27]} 42. e4+
{[%clk 00:17:02]} {[%emt 00:01:26]} Ke6 {[%clk 00:09:40]} {[%emt 00:01:05]} 43.
Re3 {[%clk 00:15:46]} {[%emt 00:01:47]} Qf4+ {[%clk 00:09:45]} {[%emt
00:00:25]} 44. Kh5 {[%clk 00:15:19]} {[%emt 00:00:57]} Qxe3 {[%clk 00:10:04]}
{[%emt 00:00:11]} 45. Ba5 {[%clk 00:15:06]} {[%emt 00:00:43]} Qxe4 {[%clk
00:09:26]} {[%emt 00:01:08]} 46. Bb6 {[%clk 00:14:34]} {[%emt 00:01:02]} Kf5
{[%clk 00:09:01]} {[%emt 00:00:55]} 47. Kh6 {[%clk 00:14:12]} {[%emt 00:00:52]}
Qg4 {[%clk 00:09:13]} {[%emt 00:00:18]} 48. Kh7 {[%clk 00:13:48]} {[%emt
00:00:53]} Kf6 {[%clk 00:09:31]} {[%emt 00:00:13]} 49. Bd8+ {[%clk 00:13:29]}
{[%emt 00:00:49]} Kf7 {[%clk 00:09:45]} {[%emt 00:00:15]} 50. Kh6 {[%clk
00:13:27]} {[%emt 00:00:33]} Qg6+ {[%emt 00:00:08]} 0-1

[Event "Deutsche Ländermeisterschaft 2023"]
[Site "Hannover GER"]
[Date "2023.10.05"]
[Round "7"]
[White "Chassard, Cedric"]
[Black "Hinrichs, Paul"]
[Result "1/2-1/2"]
[Termination "normal"]
[Board "5.1"]
[WhiteTitle "FM"]
[WhiteElo "2349"]
[BlackElo "2231"]
[WhiteClock "00:18:37"]
[BlackClock "01:25:01"]
[WhiteTeam "Saarland & Friends"]
[BlackTeam "Rheinland-Pfalz"]
[PlyCount "61"]
[WhiteFideId "16243536"]
[BlackFideId "12942545"]
[EventCountry "GER"]
[EventRounds "7"]
[EventType "team-swiss"]
[EventDate "2023.09.30"]

1. e4 {[%clk 01:30:54]} {[%emt 00:00:04]} e5 {[%clk 01:30:53]} {[%emt
00:00:09]} 2. Nf3 {[%clk 01:31:20]} {[%emt 00:00:05]} Nc6 {[%clk 01:31:19]}
{[%emt 00:00:04]} 3. Bb5 {[%clk 01:31:43]} {[%emt 00:00:07]} a6 {[%clk
01:31:45]} {[%emt 00:00:03]} 4. Ba4 {[%clk 01:32:07]} {[%emt 00:00:06]} Nf6
{[%clk 01:32:11]} {[%emt 00:00:04]} 5. O-O {[%clk 01:32:26]} {[%emt 00:00:10]}
Be7 {[%clk 01:32:38]} {[%emt 00:00:04]} 6. Re1 {[%clk 01:32:43]} {[%emt
00:00:14]} b5 {[%clk 01:33:06]} {[%emt 00:00:02]} 7. Bb3 {[%clk 01:33:05]}
{[%emt 00:00:07]} d6 {[%clk 01:33:34]} {[%emt 00:00:03]} 8. c3 {[%clk
01:33:29]} {[%emt 00:00:06]} O-O {[%clk 01:34:00]} {[%emt 00:00:04]} 9. h3
{[%clk 01:33:53]} {[%emt 00:00:05]} Bb7 {[%clk 01:34:26]} {[%emt 00:00:04]} 10.
d4 {[%clk 01:33:58]} {[%emt 00:00:25]} Re8 {[%clk 01:34:49]} {[%emt 00:00:08]}
11. Nbd2 {[%clk 01:33:36]} {[%emt 00:00:51]} Bf8 {[%clk 01:35:15]} {[%emt
00:00:04]} 12. d5 {[%clk 01:33:56]} {[%emt 00:00:10]} Nb8 {[%clk 01:35:41]}
{[%emt 00:00:04]} 13. Nf1 {[%clk 01:34:20]} {[%emt 00:00:07]} Nbd7 {[%clk
01:36:07]} {[%emt 00:00:04]} 14. Ng3 {[%clk 01:34:42]} {[%emt 00:00:09]} Nc5
{[%clk 01:36:33]} {[%emt 00:00:03]} 15. Bc2 {[%clk 01:35:06]} {[%emt 00:00:05]}
c6 {[%clk 01:37:01]} {[%emt 00:00:03]} 16. b4 {[%clk 01:35:33]} {[%emt
00:00:04]} Ncd7 {[%clk 01:37:28]} {[%emt 00:00:02]} 17. dxc6 {[%clk 01:35:57]}
{[%emt 00:00:06]} Bxc6 {[%clk 01:37:56]} {[%emt 00:00:02]} 18. Bb3 {[%clk
01:36:20]} {[%emt 00:00:07]} h6 {[%clk 01:38:23]} {[%emt 00:00:03]} 19. Nh4
{[%clk 01:35:41]} {[%emt 00:01:09]} a5 {[%clk 01:38:47]} {[%emt 00:00:06]} 20.
a3 {[%clk 01:36:08]} {[%emt 00:00:03]} axb4 {[%clk 01:39:14]} {[%emt 00:00:03]}
21. cxb4 {[%clk 01:36:23]} {[%emt 00:00:15]} Nb6 {[%clk 01:39:41]} {[%emt
00:00:03]} 22. Ng6 {[%clk 01:35:02]} {[%emt 00:01:51]} d5 {[%clk 01:40:09]}
{[%emt 00:00:02]} 23. Nxf8 {[%clk 01:20:01]} {[%emt 00:15:31]} Kxf8 {[%clk
01:40:38]} {[%emt 00:00:02]} 24. exd5 {[%clk 01:17:50]} {[%emt 00:02:40]} Bxd5
{[%clk 01:39:13]} {[%emt 00:01:54]} 25. Be3 {[%clk 01:16:35]} {[%emt 00:01:46]}
Nc4 {[%clk 01:35:42]} {[%emt 00:04:01]} 26. Bc5+ {[%clk 01:08:19]} {[%emt
00:08:45]} Kg8 {[%clk 01:35:58]} {[%emt 00:00:14]} 27. Qc1 {[%clk 01:02:06]}
{[%emt 00:06:43]} Qc8 {[%clk 01:31:05]} {[%emt 00:05:23]} 28. a4 {[%clk
00:58:03]} {[%emt 00:04:33]} Nd7 {[%clk 01:29:49]} {[%emt 00:01:46]} 29. Bxc4
{[%clk 00:43:50]} {[%emt 00:14:43]} bxc4 {[%clk 01:26:05]} {[%emt 00:04:14]}
30. Ne4 {[%clk 00:36:46]} {[%emt 00:07:33]} Qc6 {[%clk 01:25:01]} {[%emt
00:01:34]} 31. f3 {[%clk 00:18:37]} {[%emt 00:18:40]} 1/2-1/2

[Event "Deutsche Ländermeisterschaft 2023"]
[Site "Hannover GER"]
[Date "2023.10.05"]
[Round "7"]
[White "Sidletskyi, Ivan"]
[Black "Windmüller, Simon"]
[Result "1-0"]
[Termination "normal"]
[Board "5.2"]
[WhiteTitle "FM"]
[WhiteElo "2354"]
[BlackElo "1970"]
[WhiteClock "00:40:15"]
[BlackClock "00:04:49"]
[WhiteTeam "Rheinland-Pfalz"]
[BlackTeam "Saarland & Friends"]
[PlyCount "103"]
[WhiteFideId "14156024"]
[BlackFideId "16274032"]
[EventCountry "GER"]
[EventRounds "7"]
[EventType "team-swiss"]
[EventDate "2023.09.30"]

1. e4 {[%clk 01:30:27]} {[%emt 00:00:32]} c6 {[%clk 01:30:49]} {[%emt
00:00:12]} 2. d4 {[%clk 01:28:52]} {[%emt 00:02:05]} d5 {[%clk 01:31:10]}
{[%emt 00:00:08]} 3. f3 {[%clk 01:29:18]} {[%emt 00:00:05]} e6 {[%clk
01:30:17]} {[%emt 00:01:23]} 4. Be3 {[%clk 01:25:54]} {[%emt 00:03:55]} dxe4
{[%clk 01:23:09]} {[%emt 00:07:38]} 5. fxe4 {[%clk 01:26:23]} {[%emt 00:00:01]}
Qh4+ {[%clk 01:17:05]} {[%emt 00:06:34]} 6. g3 {[%clk 01:26:43]} {[%emt
00:00:10]} Qxe4 {[%clk 01:14:30]} {[%emt 00:03:05]} 7. Qe2 {[%clk 01:26:40]}
{[%emt 00:00:33]} Qd5 {[%clk 01:14:21]} {[%emt 00:00:39]} 8. Bg2 {[%clk
01:20:37]} {[%emt 00:06:33]} Qd8 {[%clk 01:14:06]} {[%emt 00:00:45]} 9. Nf3
{[%clk 01:19:10]} {[%emt 00:01:58]} Nf6 {[%clk 01:14:04]} {[%emt 00:00:31]} 10.
O-O {[%clk 01:17:58]} {[%emt 00:01:43]} Be7 {[%clk 01:14:18]} {[%emt 00:00:16]}
11. c4 {[%clk 01:18:04]} {[%emt 00:00:25]} O-O {[%clk 01:13:30]} {[%emt
00:01:17]} 12. Nc3 {[%clk 01:18:16]} {[%emt 00:00:18]} b6 {[%clk 01:11:44]}
{[%emt 00:02:16]} 13. Ne5 {[%clk 01:14:52]} {[%emt 00:03:55]} Bb7 {[%clk
01:10:27]} {[%emt 00:01:46]} 14. Rad1 {[%clk 01:11:59]} {[%emt 00:03:23]} Qc8
{[%clk 01:06:38]} {[%emt 00:04:18]} 15. Qf3 {[%clk 01:11:28]} {[%emt 00:01:01]}
Nbd7 {[%clk 01:00:44]} {[%emt 00:06:23]} 16. Nxc6 {[%clk 01:06:22]} {[%emt
00:05:37]} Qxc6 {[%clk 01:00:58]} {[%emt 00:00:16]} 17. Qxc6 {[%clk 01:06:46]}
{[%emt 00:00:06]} Bxc6 {[%clk 01:01:24]} {[%emt 00:00:04]} 18. Bxc6 {[%clk
01:07:08]} {[%emt 00:00:08]} Rac8 {[%clk 01:01:39]} {[%emt 00:00:14]} 19. Bxd7
{[%clk 00:56:39]} {[%emt 00:11:01]} Nxd7 {[%clk 01:01:52]} {[%emt 00:00:16]}
20. b3 {[%clk 00:56:56]} {[%emt 00:00:13]} Rfe8 {[%clk 00:53:56]} {[%emt
00:08:25]} 21. Kg2 {[%clk 00:52:53]} {[%emt 00:04:34]} Nf6 {[%clk 00:46:18]}
{[%emt 00:08:07]} 22. Rd3 {[%clk 00:49:52]} {[%emt 00:03:32]} Bb4 {[%clk
00:40:49]} {[%emt 00:05:58]} 23. Ne2 {[%clk 00:43:12]} {[%emt 00:07:11]} Rcd8
{[%clk 00:37:57]} {[%emt 00:03:20]} 24. Nf4 {[%clk 00:37:36]} {[%emt 00:06:07]}
Bd6 {[%clk 00:31:22]} {[%emt 00:07:05]} 25. Rfd1 {[%clk 00:36:18]} {[%emt
00:01:48]} Kf8 {[%clk 00:27:27]} {[%emt 00:04:25]} 26. Bc1 {[%clk 00:32:04]}
{[%emt 00:04:44]} Rc8 {[%clk 00:24:14]} {[%emt 00:03:42]} 27. Ne2 {[%clk
00:29:29]} {[%emt 00:03:06]} Rc7 {[%clk 00:20:25]} {[%emt 00:04:20]} 28. Nc3
{[%clk 00:29:08]} {[%emt 00:00:51]} a6 {[%clk 00:20:29]} {[%emt 00:00:26]} 29.
Bg5 {[%clk 00:28:02]} {[%emt 00:01:36]} Be7 {[%clk 00:08:56]} {[%emt 00:12:03]}
30. Bf4 {[%clk 00:26:34]} {[%emt 00:01:58]} Rd7 {[%clk 00:07:43]} {[%emt
00:01:43]} 31. Kf3 {[%clk 00:25:08]} {[%emt 00:01:56]} Bb4 {[%clk 00:07:35]}
{[%emt 00:00:38]} 32. Nb1 {[%clk 00:23:58]} {[%emt 00:01:39]} Bd6 {[%clk
00:06:58]} {[%emt 00:01:07]} 33. a3 {[%clk 00:20:17]} {[%emt 00:04:12]} Bxf4
{[%clk 00:06:43]} {[%emt 00:00:45]} 34. gxf4 {[%clk 00:20:32]} {[%emt
00:00:15]} Rc8 {[%clk 00:07:05]} {[%emt 00:00:08]} 35. Nc3 {[%clk 00:19:46]}
{[%emt 00:01:16]} Rb7 {[%clk 00:06:39]} {[%emt 00:00:56]} 36. Na4 {[%clk
00:19:28]} {[%emt 00:00:48]} b5 {[%clk 00:06:16]} {[%emt 00:00:53]} 37. Nc5
{[%clk 00:19:21]} {[%emt 00:00:37]} bxc4 {[%clk 00:06:28]} {[%emt 00:00:18]}
38. bxc4 {[%clk 00:18:26]} {[%emt 00:01:26]} Rb6 {[%clk 00:06:44]} {[%emt
00:00:14]} 39. Rc1 {[%clk 00:17:19]} {[%emt 00:01:36]} Rbc6 {[%clk 00:06:25]}
{[%emt 00:00:49]} 40. Rb1 {[%clk 00:13:03]} {[%emt 00:04:47]} Rd8 {[%clk
00:03:24]} {[%emt 00:03:31]} 41. Rbb3 {[%clk 00:12:13]} {[%emt 00:01:20]} Nd7
{[%clk 00:28:47]} {[%emt 00:05:06]} 42. Nb7 {[%clk 00:42:20]} {[%emt 00:00:23]}
Rb8 {[%clk 00:27:17]} {[%emt 00:02:01]} 43. c5 {[%clk 00:41:56]} {[%emt
00:00:55]} Ke7 {[%clk 00:26:04]} {[%emt 00:01:41]} 44. Na5 {[%clk 00:40:47]}
{[%emt 00:01:39]} Rcc8 {[%clk 00:18:56]} {[%emt 00:07:38]} 45. Rxb8 {[%clk
00:40:35]} {[%emt 00:00:43]} Nxb8 {[%clk 00:18:59]} {[%emt 00:00:27]} 46. Rb3
{[%clk 00:40:51]} {[%emt 00:00:14]} Ke8 {[%clk 00:11:21]} {[%emt 00:08:07]} 47.
Rb7 {[%clk 00:39:57]} {[%emt 00:01:25]} h6 {[%clk 00:10:09]} {[%emt 00:01:41]}
48. Nc4 {[%clk 00:39:49]} {[%emt 00:00:38]} Rd8 {[%clk 00:04:29]} {[%emt
00:06:10]} 49. Nd6+ {[%clk 00:40:10]} {[%emt 00:00:10]} Kf8 {[%clk 00:04:58]}
50. Rxf7+ {[%clk 00:40:15]} {[%emt 00:00:25]} Kg8 {[%clk 00:05:20]} {[%emt
00:00:07]} 51. Rc7 {[%clk 00:40:10]} {[%emt 00:00:34]} Rf8 {[%clk 00:04:49]}
{[%emt 00:01:01]} 52. Ke4 {[%clk 00:40:15]} {[%emt 00:00:26]} 1-0